| 000 | 00508nam a2200133Ia 4500 | ||
|---|---|---|---|
| 008 | 150609s9999 xx 000 0 und d | ||
| 050 |
_aTK 6540 _b.M538 2015 |
||
| 100 | _aMendillo, John Melrique C. | ||
| 245 |
_aEnrollment and assessment system for E.M. tutorial center / _cJohn Melrique C. Mendillo. |
||
| 260 |
_aLas PiƱas, Philippines : _bSISC, _c2015. |
||
| 300 |
_a196 pages : _bcolor illustrations ; _c28 cm. |
||
| 500 | _aIncludes bibliographical references and appendices. | ||
| 650 | _aComputer System | ||
| 999 |
_c285032 _d285032 |
||